India Arms for Victory / (Record no. 193950)
[ view plain ]
| 000 -LEADER | |
|---|---|
| fixed length control field | 01063 a2200157 4500 |
| 003 - CONTROL NUMBER IDENTIFIER | |
| control field | NUST |
| 005 - DATE AND TIME OF LATEST TRANSACTION | |
| control field | 20221227125948.0 |
| 040 ## - CATALOGING SOURCE | |
| Transcribing agency | Nust |
| 082 ## - DEWEY DECIMAL CLASSIFICATION NUMBER | |
| Classification number | 355.02,TYS |
| 100 ## - MAIN ENTRY--PERSONAL NAME | |
| Personal name | Tyson, G.W. |
| 9 (RLIN) | 106050 |
| 245 ## - TITLE STATEMENT | |
| Title | India Arms for Victory / |
| Statement of responsibility, etc. | G.W. Tyson |
| 260 ## - PUBLICATION, DISTRIBUTION, ETC. | |
| Place of publication, distribution, etc. | Allahabad |
| Name of publisher, distributor, etc. | J.K.Shrma |
| Date of publication, distribution, etc. | 1944 |
| 300 ## - PHYSICAL DESCRIPTION | |
| Extent | 325 p .: |
| 505 ## - FORMATTED CONTENTS NOTE | |
| Formatted contents note | Introductory (Page-1), In the Beginning (Page-20), Roger Mission – Eastern Group – Lease and Lend (Page-38), A Commonwealth Project (Page-62), Steel Town –I (Page-75), Steel Town – ii (Page-91), Kumardhubi to Constantinople (Page-106), The Iron Road (Page-119), Jute and an Even Greater War (Page- 136), The Little Man (Page-150), The India aluminum Industry in Peace and War (Page-167), Rubber and Oil (Page-181), Manchester of the East-i (Page-197), Manchester of the East-ii (Page-211), Manpower (Page-226), Cotton Spinners all (Page-240), Un Embarrass de Richesses (Page-258), Mechanist ion, men of War and Mica (Page-277), Scientific Miscellany (Page-307), Personal Postscript (Page-317). |
| 942 ## - ADDED ENTRY ELEMENTS (KOHA) | |
| Source of classification or shelving scheme | |
| Koha item type | Book |
| Call number prefix | 355.02,TYS |
| Withdrawn status | Lost status | Source of classification or shelving scheme | Damaged status | Not for loan | Permanent Location | Current Location | Shelving location | Date acquired | Full call number | Barcode | Date last seen | Price effective from | Koha item type | Public note |
|---|---|---|---|---|---|---|---|---|---|---|---|---|---|---|
| Military College of Signals (MCS) | Military College of Signals (MCS) | General Stacks | 12/12/2016 | 355.02,TYS | MCS29295 | 12/08/2016 | 12/12/2016 | Book | Almirah No.52, Shelf No.4 |
